Ngân hàng câu hỏi thi, kiểm tra môn tư tưởng Hồ Chí Minh : Dùng làm tài liệu tham khảo phục vụ thi, kiểm tra cho các trường Đại học, Cao đẳng

Hệ thống câu hỏi trắc nghiệm với 600 câu hỏi trắc nghiệm, 98 câu hoit tự luận và phương án trả lời cụ thể hoá đa dạng, chọn phương án trả lời đúng, chọn phương án trả lời sai, đưa ra các gợi ý trả lời cho người đọc cần tìm tư liệu c...

Popoln opis

Shranjeno v:
Bibliografske podrobnosti
Glavni avtor: Phạm, Ngọc Anh
Format: Knjiga
Jezik:Undetermined
Izdano: Hà Nội Chính trị Quốc gia 2013
Teme:
Oznake: Označite
Brez oznak, prvi označite!
Thư viện lưu trữ: Trung tâm Học liệu Trường Đại học Cần Thơ
LEADER 01222nam a2200229Ia 4500
001 CTU_196508
008 210402s9999 xx 000 0 und d
020 |c 55000 
082 |a 335.4346 
082 |b A107 
100 |a Phạm, Ngọc Anh 
245 0 |a Ngân hàng câu hỏi thi, kiểm tra môn tư tưởng Hồ Chí Minh : 
245 0 |b Dùng làm tài liệu tham khảo phục vụ thi, kiểm tra cho các trường Đại học, Cao đẳng 
245 0 |c Phạm Ngọc Anh chủ biên 
260 |a Hà Nội 
260 |b Chính trị Quốc gia 
260 |c 2013 
520 |a Hệ thống câu hỏi trắc nghiệm với 600 câu hỏi trắc nghiệm, 98 câu hoit tự luận và phương án trả lời cụ thể hoá đa dạng, chọn phương án trả lời đúng, chọn phương án trả lời sai, đưa ra các gợi ý trả lời cho người đọc cần tìm tư liệu của môn học Tư tưởng Hồ Chí Minh 
650 |a Communists,Người cộng sản 
650 |z Viet Nam,Việt Nam 
904 |i Hải 
980 |a Trung tâm Học liệu Trường Đại học Cần Thơ